000 00612nam a2200241Ia 4500
003 OSt
005 20220918192835.0
006 a|||||r|||| 00| 0
007 ta
008 220917b |||||||| |||| 00| 0 eng d
024 _a70,673
037 _cTextual
040 _aARTS
_cARTS
_beng
041 _2eng
_aeng
082 _aR4xK92, K6
100 _aCarlsson P Allan
_980418
245 0 _aButler's ethics
260 _aLondon
_bMouton
_c1966
490 _aStudies in philosophy; 3
650 _aETHICS
942 _hR4xK92, K6
_cTEXL
_2CC
999 _c196766
_d196766